Loading...
| History - European History | 0 | 4 | 2 | 1 | 30 | 55 | 84.00 | 2 | 2 |
| History - Other History | 0 | 3 | 1 | 0 | 25 | 60 | 80.33 | 1 | 1 |
| Other Academic | 0 | 2 | 0 | 0 | 20 | 82 | 87.50 | 0 | 1 |
| History - American History | 0 | 1 | 0 | 0 | 10 | 51 | 51.00 | 1 | 1 |
| Literature - World/Other Literature | 0 | 1 | 0 | 0 | 10 | 127 | 127.00 | 1 | 1 |
| Mythology | 0 | 2 | 2 | 1 | 10 | 111 | 120.00 | 0 | 0 |
| Pop Culture | 0 | 1 | 0 | 0 | 10 | 60 | 60.00 | 1 | 1 |
| Science - Biology | 0 | 1 | 0 | 0 | 10 | 120 | 120.00 | 0 | 0 |
| History - World History | 0 | 1 | 1 | 0 | 5 | 104 | 104.00 | 0 | 1 |
| Social Science | 0 | 1 | 1 | 1 | 5 | 112 | 112.00 | 0 | 0 |
| Science - Other Science | 0 | 1 | 1 | 0 | 5 | 59 | 59.00 | 0 | 1 |
| Religion | 0 | 1 | 1 | 0 | 5 | 108 | 108.00 | 1 | 1 |
| Philosophy | 0 | 1 | 1 | 1 | 5 | 120 | 120.00 | 0 | 0 |
| Science - Chemistry | 0 | 0 | 0 | 0 | 0 | 0.00 | 0 | 0 | |
| Literature - American Literature | 0 | 0 | 0 | 0 | 0 | 0.00 | 0 | 0 | |
| Literature - European Literature | 0 | 0 | 1 | 0 | -5 | 0.00 | 0 | 0 |